[Event "Tom Weston Major op"]
[Site "Cardiff"]
[Date "2017.04.14"]
[Round "2"]
[White "Buttell, David"]
[Black "Lutchman Singh, Karanvir"]
[Result "1-0"]
[WhiteElo "1758"]
[BlackElo "1605"]
[PlyCount "67"]
[EventDate "2017.04.14"]
[EventType "swiss"]
[EventRounds "7"]
[EventCountry "WLS"]
[SourceTitle "EXT 2019"]
[Source "ChessBase"]
[SourceDate "2018.10.10"]
[SourceVersion "1"]
[SourceVersionDate "2018.10.10"]
[SourceQuality "1"]

1. d4 Nf6 2. c4 g6 3. Nc3 Bg7 4. e4 d6 5. f3 0-0 6. Be3 e5 7. d5 Ne8 8. Qd2 f5 9. 0-0-0 Na6 10. Bd3 Nb4 11. Bb1 a5 12. a3 Na6 13. Nge2 b6 14. Rdg1 Nc5 15. Bc2 Ba6 16. b4 axb4 17. axb4 Nd7 18. b5 Bc8 19. Kb2 Nc5 20. Ra1 Rxa1 21. Rxa1 Nf6 22. Bxc5 bxc5 23. Ra8 Qe7 24. Ng3 fxe4 25. Ncxe4 Nxe4 26. Bxe4 Bf5 27. Ra7 Bxe4 28. Nxe4 Rb8 29. Qa5 Rb6 30. Qxb6 Qe6 31. Qb8+ Kf7 32. Qxc7+ Kf8 33. dxe6 Bf6 34. Qf7# 1-0

[Event "West Wales op"]
[Site "Swansea"]
[Date "2016.11.27"]
[Round "5"]
[White "Lutchman Singh, Karanvir"]
[Black "Probert, Malcolm"]
[Result "0-1"]
[WhiteElo "1655"]
[BlackElo "1617"]
[PlyCount "58"]
[EventDate "2016.11.25"]
[EventType "swiss"]
[EventRounds "5"]
[EventCountry "WLS"]
[SourceTitle "EXT 2019"]
[Source "ChessBase"]
[SourceDate "2018.10.10"]
[SourceVersion "1"]
[SourceVersionDate "2018.10.10"]
[SourceQuality "1"]

1. e4 c5 2. c3 g6 3. d4 Bg7 4. Nf3 Nc6 5. Be3 cxd4 6. cxd4 d5 7. e5 Nh6 8. Qd2 Nf5 9. Bg5 h6 10. Bf4 Qb6 11. Be3 Nxe3 12. fxe3 Bf5 13. Nc3 0-0 14. Nxd5 Qd8 15. Nc3 g5 16. Be2 Bg6 17. 0-0 e6 18. Nb5 a6 19. Nd6 Qd7 20. Bd3 Bxd3 21. Qxd3 Ne7 22. Rac1 Nc8 23. Ne4 Nb6 24. Nexg5 hxg5 25. Nxg5 f5 26. exf6 Bxf6 27. Qg6+ Qg7 28. Rxf6 Rxf6 29. Qxg7+ Kxg7 0-1

[Event "West Wales op"]
[Site "Swansea"]
[Date "2016.11.26"]
[Round "3"]
[White "Lutchman Singh, Karanvir"]
[Black "Lutchman Singh, Aishwarya"]
[Result "0-1"]
[WhiteElo "1655"]
[BlackElo "1368"]
[PlyCount "114"]
[EventDate "2016.11.25"]
[EventType "swiss"]
[EventRounds "5"]
[EventCountry "WLS"]
[SourceTitle "EXT 2019"]
[Source "ChessBase"]
[SourceDate "2018.10.10"]
[SourceVersion "1"]
[SourceVersionDate "2018.10.10"]
[SourceQuality "1"]

1. e4 e5 2. Nf3 Nc6 3. Bb5 Bc5 4. 0-0 a6 5. Ba4 b5 6. Bb3 Nf6 7. Re1 d6 8. h3 Na5 9. c3 Nxb3 10. axb3 Be6 11. d4 Bb6 12. d5 Bd7 13. c4 0-0 14. Bg5 h6 15. Bh4 g5 16. Bg3 g4 17. Nh4 gxh3 18. gxh3 Bxh3 19. Kh2 Qd7 20. Rg1 Ng4+ 21. Kh1 Kh7 22. Nf5 Bxf2 23. Qd2 Bxg1 24. Kxg1 Rg8 25. Nc3 Rg5 26. Kh1 Rag8 27. Bh4 R5g6 28. Ne7 Qe8 29. Rxa6 Nf2+ 30. Qxf2 Rg1+ 31. Kh2 R8g2+ 32. Qxg2 Rxg2+ 33. Kxh3 Rxb2 34. Nxb5 f6 35. Bxf6 Qh5+ 36. Bh4 Qf3+ 37. Bg3 Rg2 38. Nf5 Rg1 39. Ra2 Rh1+ 40. Rh2 Rxh2+ 41. Kxh2 Qxe4 42. Nfxd6 cxd6 43. Nxd6 Qc2+ 44. Kg1 Qxb3 45. Bxe5 Qe3+ 46. Kf1 Qxe5 47. c5 Qxd5 48. c6 Qxd6 49. c7 Qxc7 50. Kf2 Kg6 51. Kg2 Qf4 52. Kh3 Kg5 53. Kg2 Qe3 54. Kh1 Kg4 55. Kg2 Qd2+ 56. Kh1 Kg3 57. Kg1 Qg2# 0-1

[Event "West Wales op"]
[Site "Swansea"]
[Date "2016.11.25"]
[Round "2"]
[White "Jones, Iolo Cerredig"]
[Black "Lutchman Singh, Karanvir"]
[Result "1-0"]
[WhiteElo "2172"]
[BlackElo "1655"]
[PlyCount "129"]
[EventDate "2016.11.25"]
[EventType "swiss"]
[EventRounds "5"]
[EventCountry "WLS"]
[SourceTitle "EXT 2019"]
[Source "ChessBase"]
[SourceDate "2018.10.10"]
[SourceVersion "1"]
[SourceVersionDate "2018.10.10"]
[SourceQuality "1"]

1. d4 Nf6 2. Nf3 g6 3. c4 Bg7 4. Nc3 0-0 5. g3 d6 6. Bg2 c6 7. 0-0 Re8 8. e4 e5 9. d5 cxd5 10. cxd5 Na6 11. Qe2 Bd7 12. Nd2 Rc8 13. Rb1 Qe7 14. Nb3 Nc5 15. Nxc5 Rxc5 16. Be3 Rc7 17. Bxa7 b5 18. Be3 b4 19. Nb5 Rb7 20. a4 Bxb5 21. axb5 Reb8 22. Rfc1 Rxb5 23. Rc6 Nd7 24. Rbc1 Nc5 25. Qc4 Bf8 26. b3 Ra5 27. Bf1 Qa7 28. Kg2 Rb6 29. Rxb6 Qxb6 30. Bd2 Ra2 31. Rc2 Rxc2 32. Qxc2 Be7 33. Bc4 Kg7 34. Qb1 Bd8 35. Qe1 Qb7 36. f3 Ba5 37. Qe3 Bd8 38. h4 h5 39. f4 f6 40. fxe5 fxe5 41. Qh6+ Kf7 42. Qh7+ Kf8 43. Qh8+ Kf7 44. Qxd8 Nxe4 45. Bh6 Qe7 46. Qxe7+ Kxe7 47. Kf3 Nf6 48. Bd2 e4+ 49. Kf4 Nd7 50. Kxe4 Nc5+ 51. Kf4 Nd7 52. Bxb4 Ne5 53. Bc3 Nxc4 54. bxc4 Kd7 55. Kg5 Ke7 56. Kxg6 Kf8 57. Kxh5 Kf7 58. Kg5 Kg8 59. Kg6 Kf8 60. h5 Kg8 61. h6 Kf8 62. h7 Ke8 63. h8Q+ Ke7 64. Bf6+ Kd7 65. Qd8# 1-0

[Event "Daventry Robinson Cup U14"]
[Site "Daventry"]
[Date "2016.07.18"]
[Round "2.1"]
[White "Onslow, Alfie"]
[Black "Lutchman Singh, Karanvir"]
[Result "1-0"]
[WhiteElo "1731"]
[BlackElo "1716"]
[PlyCount "71"]
[EventDate "2016.07.18"]
[EventType "team-schev"]
[EventRounds "5"]
[EventCountry "ENG"]
[SourceTitle "EXT 2020"]
[Source "ChessBase"]
[SourceDate "2019.10.17"]
[SourceVersion "1"]
[SourceVersionDate "2019.10.17"]
[SourceQuality "1"]
[WhiteTeam "England"]
[BlackTeam "Wales"]
[WhiteTeamCountry "ENG"]
[BlackTeamCountry "WLS"]

1. e4 c6 2. d4 d5 3. exd5 cxd5 4. c4 Nf6 5. Nc3 Nc6 6. Bg5 e6 7. Nf3 Be7 8. c5 b6 9. Bb5 Bd7 10. Bxc6 Bxc6 11. Ne5 Qc7 12. Bf4 Qc8 13. b4 0-0 14. b5 Be8 15. c6 Bb4 16. Qb3 Ba5 17. 0-0 Nh5 18. Bd2 f6 19. Nf3 Bf7 20. g4 e5 21. h3 Nf4 22. Bxf4 exf4 23. Nh4 h5 24. Nf5 hxg4 25. Ne7+ Kh8 26. Nxc8 Raxc8 27. hxg4 g5 28. Kg2 Be6 29. Rh1+ Kg7 30. f3 f5 31. gxf5 Bxf5 32. Nxd5 Rcd8 33. Ne7 Bh7 34. Rxh7+ Kxh7 35. Qe6 Kh8 36. Rh1+ 1-0

[Event "South Wales op 13th"]
[Site "Cardiff"]
[Date "2016.07.10"]
[Round "6"]
[White "Lutchman Singh, Karanvir"]
[Black "Lutchman Singh, Aishwarya"]
[Result "1-0"]
[WhiteElo "1716"]
[BlackElo "1443"]
[PlyCount "59"]
[EventDate "2016.07.07"]
[EventType "swiss"]
[EventRounds "10"]
[EventCountry "WLS"]
[SourceTitle "EXT 2017"]
[Source "ChessBase"]
[SourceDate "2016.10.25"]
[SourceVersion "1"]
[SourceVersionDate "2016.10.25"]
[SourceQuality "1"]

1. e4 e5 2. Nf3 Nc6 3. Bb5 a6 4. Ba4 Bc5 5. 0-0 b5 6. Bb3 d6 7. h3 Nge7 8. Re1 0-0 9. c3 Ng6 10. d3 Nf4 11. Bxf4 exf4 12. d4 Ba7 13. a4 Qf6 14. axb5 axb5 15. Bd5 Bb7 16. Qb3 Nd8 17. Qxb5 c6 18. Bxc6 Bxc6 19. Qc4 Re8 20. Nbd2 Bb6 21. e5 dxe5 22. Nxe5 Bb7 23. Rxa8 Bxa8 24. Qb5 Re7 25. Ndc4 Qg5 26. d5 Bxf2+ 27. Kxf2 Qg3+ 28. Kf1 f6 29. Nf3 Rxe1+ 30. Nxe1 1-0

[Event "West Wales op 48th"]
[Site "Swansea"]
[Date "2015.11.21"]
[Round "2"]
[White "Lutchman Singh, Karanvir"]
[Black "Ralphs, Nigel"]
[Result "1/2-1/2"]
[WhiteElo "1671"]
[BlackElo "2001"]
[PlyCount "121"]
[EventDate "2015.11.20"]
[EventType "swiss"]
[EventRounds "5"]
[EventCountry "WLS"]
[SourceTitle "EXT 2018"]
[Source "ChessBase"]
[SourceDate "2017.10.13"]
[SourceVersion "1"]
[SourceVersionDate "2017.10.13"]
[SourceQuality "1"]

1. e4 e5 2. Nf3 Nc6 3. Bb5 a6 4. Ba4 Nf6 5. d3 Bc5 6. 0-0 b5 7. Bb3 d6 8. h3 h6 9. c3 0-0 10. Re1 Bb6 11. Nbd2 Na5 12. Bc2 c5 13. Nf1 Nc6 14. Ne3 d5 15. exd5 Nxd5 16. Nxd5 Qxd5 17. Be3 Bf5 18. Nh4 Bh7 19. Qg4 Qd6 20. Nf5 Qg6 21. Qf3 Qxf5 22. Qxc6 Rab8 23. Qe4 Qf6 24. Qg4 Rfd8 25. Qe2 Qd6 26. Rad1 f6 27. Qd2 Kh8 28. f4 Bc7 29. fxe5 Qxe5 30. g4 Qg3+ 31. Qg2 c4 32. Qxg3 Bxg3 33. Re2 Bxd3 34. Bxd3 Rxd3 35. Rxd3 cxd3 36. Rd2 Rd8 37. Bd4 Be5 38. Rxd3 Kh7 39. Kf2 Kg6 40. Ke2 Bc7 41. Re3 Bd6 42. Rd3 Re8+ 43. Re3 Rxe3+ 44. Kxe3 h5 45. Ke4 hxg4 46. hxg4 Kg5 47. Kf3 Kh4 48. b3 Kg5 49. Bb6 g6 50. c4 bxc4 51. bxc4 f5 52. gxf5 Kxf5 53. c5 Be5 54. c6 Ke6 55. Kg4 Kd6 56. c7 Kd7 57. Kg5 Bxc7 58. Bd4 Ke6 59. Kxg6 Kd5 60. Bf2 Kc4 61. a4 1/2-1/2

[Event "Robinson Cup U14"]
[Site "Enfield"]
[Date "2015.07.21"]
[Round "3.3"]
[White "Smith, Callum"]
[Black "Lutchman Singh, Karanvir"]
[Result "0-1"]
[WhiteElo "1543"]
[BlackElo "1461"]
[PlyCount "42"]
[EventDate "2015.07.20"]
[EventType "team-tourn"]
[EventRounds "6"]
[EventCountry "IRL"]
[SourceTitle "EXT 2023"]
[Source "ChessBase"]
[SourceDate "2022.10.05"]
[SourceVersion "1"]
[SourceVersionDate "2022.10.05"]
[SourceQuality "1"]
[WhiteTeam "Scotland U14"]
[BlackTeam "Wales U14"]
[WhiteTeamCountry "SCO"]
[BlackTeamCountry "WLS"]

1. e4 c6 2. d4 d5 3. exd5 cxd5 4. Bd3 Nc6 5. c3 Qc7 6. Be3 Nf6 7. h3 g6 8. Nf3 Bg7 9. Nbd2 0-0 10. 0-0 Bd7 11. Bg5 e6 12. Bh4 Nh5 13. Bg5 h6 14. Be3 Rfe8 15. Re1 e5 16. dxe5 Nxe5 17. Qb3 Nxd3 18. Red1 Nhf4 19. Nd4 Rxe3 20. fxe3 Nxh3+ 21. gxh3 Qg3+ 0-1

[Event "South Wales op 12th"]
[Site "Cardiff"]
[Date "2015.07.17"]
[Round "10"]
[White "Sivarajasingam, Shayanna"]
[Black "Lutchman Singh, Karanvir"]
[Result "1/2-1/2"]
[WhiteElo "1689"]
[BlackElo "1461"]
[PlyCount "120"]
[EventDate "2015.07.11"]
[EventType "swiss"]
[EventRounds "10"]
[EventCountry "WLS"]
[SourceTitle "EXT 2016"]
[Source "ChessBase"]
[SourceDate "2015.10.08"]
[SourceVersion "1"]
[SourceVersionDate "2015.10.08"]
[SourceQuality "1"]

1. e4 c6 2. d4 d5 3. Nc3 dxe4 4. Nxe4 Bf5 5. Ng3 Bg6 6. h4 h6 7. Nf3 Nd7 8. h5 Bh7 9. Bd3 Bxd3 10. Qxd3 Ngf6 11. Bf4 Qa5+ 12. Bd2 Qc7 13. 0-0-0 e6 14. Kb1 0-0-0 15. Ne4 Be7 16. Nxf6 Nxf6 17. Qe2 Rd5 18. c4 Rxh5 19. Rxh5 Nxh5 20. d5 Nf4 21. Bxf4 Qxf4 22. dxc6 bxc6 23. Ne5 Rd8 24. Rxd8+ Bxd8 25. g3 Qf5+ 26. Ka1 Kc7 27. f4 Bf6 28. Nxf7 Bxb2+ 29. Qxb2 Qxf7 30. Qe5+ Kb7 31. Qb2+ Kc8 32. Qg2 Qf6+ 33. Kb1 Qf5+ 34. Kb2 Qc5 35. Qe2 Qd4+ 36. Kb3 Kd7 37. a4 a5 38. Kc2 Kd6 39. Kb3 Qb6+ 40. Ka2 Qb4 41. Qe5+ Kd7 42. Qxg7+ Kd6 43. Qe5+ Kd7 44. Qg7+ Ke8 45. Qg8+ Kd7 46. Qf7+ Qe7 47. Qg6 Qb4 48. Qg7+ Ke8 49. Qg6+ Kd7 50. Qd3+ Ke8 51. g4 Qxa4+ 52. Kb2 Qb4+ 53. Kc2 a4 54. Qg6+ Kd7 55. Qg7+ Ke8 56. Qg6+ Kd7 57. Qf7+ Qe7 58. Qg6 Qf8 59. Qd3+ Kc8 60. Qe4 Kd7 1/2-1/2

[Event "South Wales op 12th"]
[Site "Cardiff"]
[Date "2015.07.13"]
[Round "5"]
[White "McLaren, Charlie"]
[Black "Lutchman Singh, Karanvir"]
[Result "0-1"]
[WhiteElo "1663"]
[BlackElo "1461"]
[PlyCount "70"]
[EventDate "2015.07.11"]
[EventType "swiss"]
[EventRounds "10"]
[EventCountry "WLS"]
[SourceTitle "EXT 2016"]
[Source "ChessBase"]
[SourceDate "2015.10.08"]
[SourceVersion "1"]
[SourceVersionDate "2015.10.08"]
[SourceQuality "1"]

1. d4 Nf6 2. Nf3 g6 3. g3 Bg7 4. Bg2 0-0 5. 0-0 d5 6. c4 c6 7. Nc3 Bg4 8. Ne5 dxc4 9. h3 Be6 10. a4 Nbd7 11. Nf3 Nd5 12. Ng5 Nxc3 13. bxc3 Nb6 14. Nxe6 fxe6 15. f4 Nd5 16. Bb2 Ne3 17. Qd2 Nxf1 18. Rxf1 c5 19. Bxb7 Rb8 20. Bf3 cxd4 21. Bg4 Qd6 22. Qc1 e5 23. cxd4 exd4 24. Qxc4+ Kh8 25. Ba1 Rb4 26. Qc2 e5 27. f5 h5 28. Bb2 Rbb8 29. Bf3 Rxf5 30. g4 hxg4 31. hxg4 Rff8 32. Rf2 e4 33. Rh2+ Kg8 34. Qc4+ Rf7 35. Bxe4 Rxb2 0-1

[Event "WLS-ch U18"]
[Site "Penarth"]
[Date "2015.02.01"]
[Round "5"]
[White "Govindaraj, Neya"]
[Black "Lutchman Singh, Karanvir"]
[Result "1-0"]
[WhiteElo "1061"]
[BlackElo "1418"]
[PlyCount "73"]
[EventDate "2015.01.30"]
[EventType "swiss"]
[EventRounds "5"]
[EventCountry "WLS"]
[SourceTitle "EXT 2018"]
[Source "ChessBase"]
[SourceDate "2017.10.13"]
[SourceVersion "1"]
[SourceVersionDate "2017.10.13"]
[SourceQuality "1"]

1. d4 Nf6 2. c4 g6 3. Nc3 Bg7 4. e4 d6 5. f3 0-0 6. Be3 a5 7. Bd3 Na6 8. Qd2 Nb4 9. Nge2 b6 10. a3 Nxd3+ 11. Qxd3 c5 12. d5 Ba6 13. Rc1 Qd7 14. b3 Rab8 15. a4 e6 16. Qd2 exd5 17. cxd5 b5 18. 0-0 bxa4 19. bxa4 Rb4 20. Rb1 Rfb8 21. Rbc1 R8b6 22. Rfd1 Qb7 23. Ng3 Rb2 24. Rc2 Rxc2 25. Qxc2 Rb2 26. Qc1 Qb3 27. Rd2 Rxd2 28. Bxd2 Nd7 29. Qe1 Bd4+ 30. Kh1 Ne5 31. Nb5 Nd3 32. Nxd4 cxd4 33. Qa1 Nc5 34. h3 d3 35. Bh6 f6 36. Qxf6 Qb7 37. Qf8# 1-0